| 000 | 01088cam a22002295a 4500 | ||
|---|---|---|---|
| 001 | L158017 | ||
| 008 | 121121s2013 xxko f 000 0 eng d | ||
| 020 | _a9781848063471 | ||
| 035 | _a(Sirsi) u158017 | ||
| 041 | 0 | _aeng | |
| 100 | 1 | _aTaylor, Tom | |
| 245 | 0 | 4 |
_aDelivering energy efficiency in commercial buildings _ba guide for facilities managers |
| 260 |
_aWatford _bBRE _c2013 |
||
| 300 |
_a8p. _bill. _c30cm. |
||
| 490 | 0 |
_aBRE Information Paper _v(15/13) |
|
| 520 | _aDraws on the combined knowledge and experience of BRE and the Swiss Institute of Facility Management (ZHAW) to provide targeted guidance on how to deliver energy efficiency through improved facilities management. It is the first in a series of publications providing guidance for facilities managers, maintenance contractors and building owners on a number of issues relating to the operation and management of commercial buildings. | ||
| 521 | _aAdvanced | ||
| 590 | _aKA | ||
| 651 | 4 |
_aUnited Kingdom _y |
|
| 690 | _aENVIRONMENTAL AND LAND CONSULTANCY-ENERGY-ENERGY USE-ENERGY EFFICIENCY | ||
| 942 | _n0 | ||
| 999 |
_c115079 _d115079 |
||